Statystyki dla Najstarsze kluby piłkarskie

Kliknij tutaj aby rozwiązać quiz!

Ogólne statystyki

  • Ten quiz został rozwiązany 6 razy
  • Średni wynik to 1 z 5

Statystyki odpowiedzi

HintOdpowiedź% Poprawnych
1857Sheffield FC
100%
1864Wrexham FC
20%
1859Lima Cricket and Football Club
0%
1861Montevideo Cricket Club
0%
1862Oneida Football Club
0%

Rozkład punktacji

Percentyl według liczby udzielonych odpowiedzi

Procent ludzi z każdym wynikiem

Twoja historia wyników

Nie rozwiązałeś tego quizu